Welcome to WEB OPAC of MRSPTU Central Library

Managerial economics (Record no. 5547)

MARC details
000 -LEADER
fixed length control field 00415nam a2200169Ia 4500
008 - FIXED-LENGTH DATA ELEMENTS--GENERAL INFORMATION
fixed length control field 230711s9999||||xx |||||||||||||| ||und||
020 ## - INTERNATIONAL STANDARD BOOK NUMBER
International Standard Book Number 978-81-272-4864-2
041 ## - LANGUAGE CODE
Language code of text/sound track or separate title ENG
082 ## - DEWEY DECIMAL CLASSIFICATION NUMBER
Classification number 658
Item number CH-M
100 ## - MAIN ENTRY--PERSONAL NAME
Personal name Chopra,P.N
245 #0 - TITLE STATEMENT
Title Managerial economics
250 ## - EDITION STATEMENT
Edition statement 5th . Ed.
260 ## - PUBLICATION, DISTRIBUTION, ETC.
Date of publication, distribution, etc. 2011
Place of publication, distribution, etc. New Delhi
Name of publisher, distributor, etc. Kalyani Publishers House
300 ## - PHYSICAL DESCRIPTION
Extent 835
650 ## - SUBJECT ADDED ENTRY--TOPICAL TERM
Topical term or geographic name entry element UNIVESITY BUSNIESS SCHOOL
942 ## - ADDED ENTRY ELEMENTS (KOHA)
Koha item type Book
Holdings
Withdrawn status Lost status Damaged status Not for loan Collection Home library Current library Date acquired Total checkouts Full call number Barcode Date last seen Price effective from Koha item type Date last checked out Date due
          MRSPTU Central Library MRSPTU Central Library     658 CH-M 24670 08/17/2023 08/17/2023 Book    
          MRSPTU Central Library MRSPTU Central Library     658 CH-M 24671 08/17/2023 08/17/2023 Book    
          MRSPTU Central Library MRSPTU Central Library     658 CH-M 24672 08/17/2023 08/17/2023 Book    
          MRSPTU Central Library MRSPTU Central Library   4 658 CH-M 24673 12/20/2024 08/17/2023 Book 12/13/2024  
          MRSPTU Central Library MRSPTU Central Library     658 CH-M 24674 08/17/2023 08/17/2023 Book    
          MRSPTU Central Library MRSPTU Central Library   3 658 CH-M 24675 12/02/2025 08/17/2023 Book 12/02/2025 12/23/2025
          MRSPTU Central Library MRSPTU Central Library     658 CH-M 24676 08/17/2023 08/17/2023 Book    
          MRSPTU Central Library MRSPTU Central Library     658 CH-M 24677 08/17/2023 08/17/2023 Book    
          MRSPTU Central Library MRSPTU Central Library     658 CH-M 24678 08/17/2023 08/17/2023 Book    
          MRSPTU Central Library MRSPTU Central Library     658 CH-M 24679 08/17/2023 08/17/2023 Book    
          MRSPTU Central Library MRSPTU Central Library     658 CH-M 24680 08/17/2023 08/17/2023 Book    
          MRSPTU Central Library MRSPTU Central Library     658 CH-M 24681 08/17/2023 08/17/2023 Book    
          MRSPTU Central Library MRSPTU Central Library     658 CH-M 24682 08/17/2023 08/17/2023 Book    
          MRSPTU Central Library MRSPTU Central Library     658 CH-M 24683 08/17/2023 08/17/2023 Book    
          MRSPTU Central Library MRSPTU Central Library   3 658 CH-M 24684 01/08/2026 08/17/2023 Book 12/18/2025  
          MRSPTU Central Library MRSPTU Central Library   2 658 CH-M 24685 01/12/2026 08/17/2023 Book 12/26/2025  
          MRSPTU Central Library MRSPTU Central Library     658 CH-M 24686 08/17/2023 08/17/2023 Book    
          MRSPTU Central Library MRSPTU Central Library   2 658 CH-M 24687 11/25/2024 08/17/2023 Book 10/30/2024  
          MRSPTU Central Library MRSPTU Central Library     658 CH-M 24688 08/17/2023 08/17/2023 Book    
          MRSPTU Central Library MRSPTU Central Library   2 658 CH-M 24689 01/08/2026 08/17/2023 Book 12/18/2025  

Website Designed and Developed by MRSPTU Central Library Team

E-mail Id: librarian@mrsptu.ac.in